000 00796cam a22002653a 4500
001 34053
003 PGUSA
005 20140828083732.0
008 101010s2010||||xxu|||||s|||||000 1 eng d
040 _aPGUSA
_beng
042 _adc
050 4 _aPR
245 1 4 _aThe Palace of Pleasure, Volume 2
_h[electronic resource]
260 _bProject Gutenberg,
_c2010
506 _aPublic domain in the USA.
516 _aElectronic text
653 _aFrench fiction -- Translations into English
653 _aItalian fiction -- Translations into English
700 1 _aJacobs, Joseph,
_d1854-1916
700 1 _aHaslewood, Joseph,
_d1769-1833
700 1 _aPainter, William,
_d1539-1594
830 0 _aProject Gutenberg
_v34053
856 4 0 _uhttp://www.gutenberg.org/ebooks/34053
942 _cEB
999 _c263308
_d263308